000 00481cam a22001934a 4500
005 20250605164243.0
008 250528s ||||||||||||||||||||||||d
035 _a21415
040 _aGR-AtMCL
_bgre
_dGR-AtMCL
_eAACR2
245 1 _aMS-DOS 6.2 ΒΗΜΑ ΠΡΟΣ ΒΗΜΑ
250 _a1
260 _bΓκιουρδας,
_c1994
300 _a470
700 1 _aConicki Steve
_91581
700 1 _aShimmin Bradley F
_91582
942 _cBK
999 _c6477
_d6477